000 00858nam a22002057a 4500
999 _c10909
_d10909
003 AR-CdUCM
008 190402b ||||| |||| 00| 0 spa d
040 _aMUNICIPALIDAD PROVINCIAL DEL CUSCO
_cBIBLIOTECA MUNICIPAL DEL CUSCO
082 _a301.1 /
_bB18 / 1955
100 _aBallinger, Stanley E.
_927982
245 _aDeterminismo cultural y meliorismo educacional :
_bEstudio de conflictos ideológicos en la sociedad norteamericana de hoy /
260 _aLima :
_bSan Marcos,
_c1955.
300 _a20 paginas ;
_c25 cm.
505 _aContenido : Determinismo cultural y meliorismo educacional -- El meliorismo educacional -- Determinismo cultural -- La ciencia de la sociedad según William Graham Sumner ...
650 _aDeterminismo
_918282
650 _aCultural
_927983
650 _aEducacional
_927984
942 _2ddc
_cLIBROS
945 _arah